5 to 1: Spanish Quiz Stats

 Plays Quiz not verified by Sporcle

Score 0/15 Timer 03:00
2 Plays Today
% Correct
Agua
88.3%
Arena
86.3%
Vivir
85.2%
Decir
85.1%
Trabajar
83.9%
Disfrutar
77.9%
En
77.2%
Llover
76.7%
% Correct
Amable
66.4%
Ordenador
65.1%
Muy
63.6%
Cuidadosamente
63.1%
Despacio
59.2%
Hogar
59%
Ordenado
50.2%

You're not logged in!

Compare scores with friends on all Sporcle quizzes.
OR
Log In

Show Comments

Extras

Top Quizzes Today


Score Distribution

Your Account Isn't Verified!

In order to create a playlist on Sporcle, you need to verify the email address you used during registration. Go to your Sporcle Settings to finish the process.

Report this User

Report this user for behavior that violates our Community Guidelines.

Details: